Northern Flags of Countries - Statistics

General Stats
  • This quiz has been taken 36 times
  • The average score is 14 of 15
Answer Stats
Picture Answer % Correct
Canada
100%
Finland
100%
Norway
100%
Russia
100%
Sweden
100%
United Kingdom
100%
United States of America
100%
Iceland
96%
Denmark
89%
Estonia
89%
Ireland
81%
Kazakhstan
81%
Latvia
81%
Belarus
78%
Lithuania
74%
No matching quizzes found
Score Distribution
Percent of People with Each Score
Percentile by Number Answered
Your Score History
You have not taken this quiz